Shakespeare On Stage Quiz Stats

 Plays Quiz Updated Sep 22, 2015

Also try: Shakespeare Plays
Challenge
Share
Tweet
Score 0/24 Timer 15:00
6 Plays Today
% Correct
Romeo and Juliet
91.9%
A Midsummer Night's Dream
88.4%
Macbeth
81.8%
Othello
78.4%
Antony and Cleopatra
76.6%
Julius Caesar
70.1%
Henry V
69.5%
Richard III
68.5%
The Tempest
67.4%
Hamlet
65.3%
King Lear
61.4%
The Merchant of Venice
56.3%
% Correct
Henry VIII
54.4%
Twelfth Night
48.6%
Richard II
47%
Much Ado About Nothing
45.5%
The Comedy of Errors
45%
The Merry Wives of Windsor
43.3%
Titus Andronicus
43%
Henry IV, Part 1 and 2
41.6%
The Winter's Tale
27.3%
Love's Labour's Lost
26.1%
Coriolanus
24%
Measure for Measure
20.3%

You're not logged in!

Compare scores with friends on all Sporcle quizzes.
Join for Free
OR
Log In

You Might Also Like...

Show Comments

Extras

Top Quizzes Today


Score Distribution

Your Account Isn't Verified!

In order to create a playlist on Sporcle, you need to verify the email address you used during registration. Go to your Sporcle Settings to finish the process.

Report this User

Report this user for behavior that violates our Community Guidelines.

Details: